[Event "ROM-ch U16"]
[Site "Calimanesti"]
[Date "2013.04.05"]
[Round "6"]
[White "Popa, Mihai Ovidiu"]
[Black "Ursan, Petru Sebastian"]
[Result "0-1"]
[WhiteElo "1607"]
[BlackElo "1642"]
[PlyCount "78"]
[EventDate "2013.04.02"]
[EventType "swiss"]
[EventRounds "9"]
[EventCountry "ROU"]
[SourceTitle "CBM 153 Extra"]
[Source "ChessBase"]
[SourceDate "2013.04.22"]
[SourceVersion "1"]
[SourceVersionDate "2013.04.22"]
[SourceQuality "1"]

1. d4 g6 2. c4 c5 3. d5 d6 4. Nc3 Bg7 5. e4 e6 6. Nf3 Ne7 7. Be3 exd5 8. exd5 0-0 9. Bd3 Bf5 10. 0-0 Nd7 11. Re1 h6 12. Bf4 Nb6 13. Qc2 Nxc4 14. Bxf5 Nxf5 15. Ne4 b5 16. Rad1 Nxb2 17. Rd2 Nc4 18. Rde2 Nd4 19. Nxd4 cxd4 20. Qd3 a6 21. Qg3 Be5 22. Bxe5 dxe5 23. f4 Ne3 24. fxe5 Nxd5 25. Nd6 Ne7 26. Qd3 Rb8 27. Qxd4 Qb6 28. Qxb6 Rxb6 29. Rb1 Nd5 30. Rd2 Nf4 31. a4 Rfb8 32. axb5 axb5 33. Rdb2 b4 34. Rf2 Nd3 35. Rxf7 Rxd6 36. exd6 Kxf7 37. Rd1 Nc5 38. d7 Ke7 39. Rd5 Nxd7 0-1